MARC

LEADER 00000nam0a2200000 4500
001 36414
005 20231031001817.0
035 |a (RuTPU)RU\TPU\book\36886 
035 |a BOOK00003538 
090 |a 36414 
100 |a 20011210d1975 km y0rusy50 ca 
101 1 |a rus  |c ger 
102 |a RU 
105 |a a z 000zy 
200 1 |a Измерительные информационные системы  |e пер. с нем.  |f М. Краус, Э. Вошни 
210 |a Москва  |c Мир  |d 1975 
215 |a 310 с. 
610 1 |a измерительные информационные системы 
610 1 |a характеристики 
610 1 |a информационный анализ 
610 1 |a системный анализ 
610 1 |a оптимизация 
610 1 |a минимум 
610 1 |a максимум 
610 1 |a измерения 
610 1 |a результаты 
675 |a 621.317.7  |v 3 
700 1 |a Краус  |b М. 
701 1 |a Вошни  |b Э. 
801 0 |a RU  |b 63413507  |c 20011210  |g PSBO 
801 2 |a RU  |b 63413507  |c 20150422  |g PSBO 
900 |a Теория информации и ее приложение в автоматизированных системах 
942 |c BK